000 00223nam a22000857a 4500
008 170327b xxu||||| |||| 00| 0 eng d
100 _93049
_aJoshi.R.etal.
245 _aCommunicative English-IX
260 _aNew Delhi
_bG.B.P.
_c2010
999 _c6317
_d6317